| 000 | 00725aam a2200289 4500 | ||
|---|---|---|---|
| 005 | 20250624162224.0 | ||
| 008 | 150722b2016 xxu||||| |||| 00| 0 spa d | ||
| 020 | _a9786076226810 | ||
| 041 | _aESP | ||
| 082 |
_a005.5 A654a _b |
||
| 245 | _aAprender Office 2016 con 100 ejercicios prácticos | ||
| 260 | _aMéxico | ||
| 260 | _bAlfaomega | ||
| 260 | _c2016 | ||
| 300 | _a216 páginas | ||
| 490 | _aDirección y Administración de Empresas | ||
| 490 | _aSecretariado Ejecutivo | ||
| 490 | _aTecnologías de la Información | ||
| 650 | _aOFFICE 2016 | ||
| 650 | _aPDF | ||
| 650 | _aWORD | ||
| 650 | _aEXCEL | ||
| 650 | _aCIRCUITOS RLC | ||
| 650 | _aMATLAB | ||
| 650 | _aPOWERPOINT | ||
| 942 |
_cBK _2ddc |
||
| 999 |
_c11500 _d11500 |
||